01131cam a22004094i 4500003000900000005001700009008004100026020001500067020001800082035001900100040003300119082002100152100003100173245007300204246005000277264007400327300003800401336002100439337002500460338002300485505005300508526001000561526001000571526000900581526000900590526000900599526000900608526000900617526000900626526000900635526000800644526000800652526000800660526000800668526000800676650003700684PE-LiUPU20250731165513.0150623s1938 gw r 000 0 grc d a3438060078 a9783438060075 a(Sirsi) a24376 aPE-LiUPUbspacPE-LiUPUerda04a487.402bS312211 aSchmoller, Alfred,eautor.10aHandkonkordanz zum griechischen Neuen Testament /cAlfred Schmoller. aPocket concordance to the Greek New Testament 1aKorrigierte Nachdruck :bDeutsche Bibelgesellschaft Stuttgart,c1938. a534 páginas ;c24 centímetros atext2rdacontent aunmediated2rdamedia avolume2rdacarrier0 aHandkonkordanz zum griechischen Neuen Testament. aSEG44 aSEG26 aP151 aP150 aP149 aP146 aP145 aP126 aP125 aP92 aP75 aP74 aP27 aP1504aGriego bíblicovConcordancias.